| 000 | 01157nam#a2200349#i#4500 | ||
|---|---|---|---|
| 001 | 9912786672405606 | ||
| 005 | 20260503180701.0 | ||
| 008 | 131022s2005 pl# 000 0 pol#c | ||
| 009 | b0000280028536 | ||
| 020 | _a8373271732 | ||
| 035 | _aSKI_1134891-48omnis_ski | ||
| 035 | _a134891 | ||
| 035 | _a(PL)b0000280028536 | ||
| 040 |
_aSKIERN W _cSKIERN W _dWA N |
||
| 041 | 0 | _apol | |
| 080 | _a821.162.1-3 | ||
| 100 | 1 |
_aReymont, Władysław Stanisław _d(1867-1925) |
|
| 245 | 1 | 0 |
_aChłopi / _cWładysław Stanisław Reymont ; oprac. Anna Popławska. |
| 260 |
_aKraków : _b"Greg", _c2005. |
||
| 300 |
_a710 s. ; _c21 cm. |
||
| 336 |
_aTekst _btxt _2rdacontent |
||
| 337 |
_aBez urządzenia pośredniego _bn _2rdamedia |
||
| 338 |
_aWolumin _bnc _2rdacarrier |
||
| 380 | _aKsiążki | ||
| 490 | 1 | _aLektura. Wydanie z opracowaniem/"Greg" | |
| 500 | _azawiera: notatki na marginesie, cytaty, które warto znać, streszczenie | ||
| 500 | _aLektura.Wydanie z opracowaniem | ||
| 650 | 0 | 4 |
_aPowieść polska _xspołeczno-obyczajowa |
| 700 | 1 |
_aPopławska, Anna _eOpracowanie |
|
| 830 | 0 | _aLektura. Wydanie z opracowaniem/"Greg" | |
| 942 |
_2z _cBK _n0 |
||
| 999 |
_c26 _d26 |
||